[Event "XXVI Ogolnopolska Olimpiada Mlodziezy"]
[Site "Pulawy"]
[Date "2020.10.08"]
[Round "6.22"]
[White "Kicinska, Anna"]
[Black "Laszczuk, Marcelina"]
[Result "0-1"]
[WhiteElo "1170"]
[BlackElo "1104"]
[PlyCount "64"]
[EventDate "2020.10.04"]
[EventType "swiss"]
[Tiebreak "Sum of Buchholz+Median1 Buchholz+Sonneborn-Berger (Swiss)"]

1. c4 e5 2. d3 Nf6 3. Nf3 Bb4+ 4. Bd2 Bxd2+ 5. Nbxd2 Nc6 6. g3 O-O 7. Bg2 d6 8.
O-O h6 9. a3 a6 10. b4 Ne7 11. a4 Ng6 12. b5 Bd7 13. Ne1 Qc8 14. Nc2 Bh3 15.
bxa6 Bxg2 16. Kxg2 Rxa6 17. Nb4 Ra8 18. Na2 Qd7 19. Nc3 Rfe8 20. Nde4 Nxe4 21.
Nxe4 Qc6 22. Kg1 Kh8 23. Nc3 f5 24. Nd5 e4 25. dxe4 Rxe4 26. Ne3 f4 27. gxf4
Nxf4 28. Qb1 Rxe3 29. f3 Rf8 30. Kf2 Rxe2+ 31. Kg3 Rg2+ 32. Kh4 g5# 0-1

[Event "XXVI Ogolnopolska Olimpiada Mlodziezy"]
[Site "Pulawy"]
[Date "2020.10.08"]
[Round "6.22"]
[White "Kowalski, Witold"]
[Black "Karwot, Marek"]
[Result "0-1"]
[WhiteElo "1330"]
[BlackElo "1362"]
[PlyCount "94"]
[EventDate "2020.10.04"]
[EventType "swiss"]
[Tiebreak "Sum of Buchholz+Median1 Buchholz+Sonneborn-Berger (Swiss)"]

1. d4 Nf6 2. c4 c5 3. Nf3 e6 4. Nc3 Nc6 5. d5 exd5 6. cxd5 Ne7 7. e4 d6 8. Bc4
Ng6 9. Bg5 Bg4 10. Bb5+ Bd7 11. Qe2 h6 12. e5 Nxe5 13. Nxe5 dxe5 14. Qxe5+ Qe7
15. Bxf6 gxf6 16. Qxe7+ Kxe7 17. d6+ Kd8 18. Bxd7 Kxd7 19. O-O-O Rd8 20. Nd5
Bxd6 21. Nxf6+ Kc6 22. g3 Be5 23. Ng4 Bd4 24. f4 f6 25. Rhe1 h5 26. Ne3 Rhe8
27. Nf5 Kd5 28. a3 Re6 29. Rxe6 Kxe6 30. Ng7+ Kf7 31. Nxh5 Bxb2+ 32. Kc2 Rxd1
33. Kxd1 Bxa3 34. f5 c4 35. Nf4 Bd6 36. Nd5 b5 37. Kc2 a5 38. Kb2 Be5+ 39. Kc2
b4 40. Nb6 b3+ 41. Kb1 c3 42. Na4 Bd4 43. Nxc3 Bxc3 44. h4 a4 45. h5 a3 46. h6
a2+ 47. Kc1 a1=Q# 0-1

[Event "XXVI Ogolnopolska Olimpiada Mlodziezy"]
[Site "Pulawy"]
[Date "2020.10.08"]
[Round "6.22"]
[White "Zalega, Maciej"]
[Black "Demski, Michal"]
[Result "1-0"]
[WhiteElo "1713"]
[BlackElo "1809"]
[PlyCount "55"]
[EventDate "2020.10.04"]
[EventType "swiss"]
[Tiebreak "Sum of Buchholz+Median1 Buchholz+Sonneborn-Berger (Swiss)"]

1. e4 e5 2. Nf3 Nc6 3. Bb5 a6 4. Ba4 Nf6 5. O-O Nxe4 6. d4 b5 7. Bb3 d5 8. dxe5
Be6 9. Qe2 Be7 10. Rd1 Nc5 11. Bxd5 Bxd5 12. Nc3 O-O 13. Nxd5 Qc8 14. Nd4 Nxd4
15. Nxe7+ Kh8 16. Rxd4 Qe6 17. Nd5 Rac8 18. Nc3 Nd7 19. Bf4 Rfe8 20. Rad1 Nb6
21. Qd3 h6 22. Nd5 Nc4 23. Qc3 c5 24. R4d3 Qg4 25. b3 Na3 26. Qd2 c4 27. Rg3
Qe6 28. Bxh6 1-0

[Event "XXVI Ogolnopolska Olimpiada Mlodziezy"]
[Site "Pulawy"]
[Date "2020.10.08"]
[Round "6.23"]
[White "Brozynski, Patryk"]
[Black "Gawlik, Olivier"]
[Result "1/2-1/2"]
[WhiteElo "1734"]
[BlackElo "1115"]
[PlyCount "117"]
[EventDate "2020.10.04"]
[EventType "swiss"]
[Tiebreak "Sum of Buchholz+Median1 Buchholz+Sonneborn-Berger (Swiss)"]

1. e4 e6 2. d4 d5 3. e5 c5 4. c3 Nc6 5. Nf3 Qb6 6. a3 Bd7 7. b4 c4 8. Bf4 a5 9.
Nbd2 Nge7 10. Bxc4 Ng6 11. Bg3 dxc4 12. Nxc4 Qc7 13. Nfd2 b5 14. Ne3 axb4 15.
axb4 Rxa1 16. Qxa1 Qa7 17. O-O Be7 18. Qxa7 Nxa7 19. Ra1 Nc6 20. Ra8+ Bd8 21.
Ne4 O-O 22. f3 f5 23. exf6 gxf6 24. Bd6 Re8 25. Nc5 Be7 26. Rxe8+ Bxe8 27. Bxe7
Ngxe7 28. Nxe6 Bd7 29. Nc5 Bc8 30. d5 Ne5 31. d6 N7c6 32. Nd5 Bf5 33. Nxf6+ Kf7
34. Nd5 Nd7 35. Nb7 Nce5 36. Nc7 Bd3 37. Nd8+ Kf8 38. Kf2 Bc4 39. h4 h5 40. Ke3
Kg7 41. g3 Kf6 42. Ke4 Bd3+ 43. Kd4 Bc4 44. Ke3 Kf5 45. Nb7 Kg6 46. Na5 Kf5 47.
Nb7 Kg6 48. Ke4 Bd3+ 49. Kf4 Bc4 50. g4 Nd3+ 51. Kg3 N3e5 52. Kf4 Nd3+ 53. Ke3
N3e5 54. gxh5+ Kxh5 55. f4 Ng4+ 56. Ke4 Ngf6+ 57. Kf5 Kxh4 58. Nc5 Kg3 59. N5e6
1/2-1/2

[Event "XXVI Ogolnopolska Olimpiada Mlodziezy"]
[Site "Pulawy"]
[Date "2020.10.08"]
[Round "6.23"]
[White "Karut, Kacper"]
[Black "Kejna, Piotr"]
[Result "1/2-1/2"]
[WhiteElo "1657"]
[BlackElo "1772"]
[PlyCount "82"]
[EventDate "2020.10.04"]
[EventType "swiss"]
[Tiebreak "Sum of Buchholz+Median1 Buchholz+Sonneborn-Berger (Swiss)"]

1. d4 Nf6 2. Nf3 g6 3. c4 c5 4. Nc3 cxd4 5. Nxd4 Bg7 6. e4 d6 7. Be2 Nc6 8. Be3
O-O 9. O-O Bd7 10. Qd2 Rc8 11. f3 Nxd4 12. Bxd4 Be6 13. b3 Bd7 14. Rac1 a5 15.
Qe3 Ra8 16. Bb6 Qb8 17. Nd5 Nxd5 18. cxd5 a4 19. b4 Rc8 20. Rxc8+ Qxc8 21. Rc1
Qe8 22. Rc7 Bc8 23. Qc1 e6 24. Qd2 a3 25. Bc4 Bf6 26. dxe6 Bxe6 27. Bxe6 fxe6
28. Qh6 Be7 29. Rxb7 Rc8 30. Be3 Qf8 31. Ra7 Rc3 32. Qxf8+ Bxf8 33. Bf4 d5 34.
exd5 Bxb4 35. Ra8+ Kf7 36. d6 Rd3 37. Be5 Rd1+ 38. Kf2 Rd2+ 39. Kg3 h5 40. Ra7+
Ke8 41. d7+ Rxd7 1/2-1/2

[Event "XXVI Ogolnopolska Olimpiada Mlodziezy"]
[Site "Pulawy"]
[Date "2020.10.08"]
[Round "6.23"]
[White "Karys, Katarzyna"]
[Black "Kokot, Agnieszka"]
[Result "0-1"]
[WhiteElo "1132"]
[BlackElo "1244"]
[PlyCount "116"]
[EventDate "2020.10.04"]
[EventType "swiss"]
[Tiebreak "Sum of Buchholz+Median1 Buchholz+Sonneborn-Berger (Swiss)"]

1. e4 c5 2. Nf3 d6 3. d4 cxd4 4. Nxd4 Nf6 5. Nc3 a6 6. Bg5 e6 7. Bc4 Nbd7 8.
Qd2 Nc5 9. f3 Be7 10. Nb3 Qc7 11. Nxc5 dxc5 12. O-O-O b5 13. Be2 O-O 14. Qe3
Bb7 15. h4 b4 16. Na4 c4 17. Qb6 Rac8 18. Qxc7 Rxc7 19. e5 Nd5 20. Bxe7 Nxe7
21. Rd4 Bd5 22. Nb6 Rb8 23. Nxc4 Nf5 24. Rg4 h5 25. Rf4 Ng3 26. Re1 Nxe2+ 27.
Rxe2 Bxc4 28. Rd2 Bxa2 29. Rd3 Rbc8 30. Rd2 Bb3 31. Rxb4 Bxc2 32. Rf2 a5 33.
Rd4 a4 34. g4 hxg4 35. fxg4 Bb3+ 36. Kd2 Rc1 37. Ke3 R8c2 38. Rxc2 Rxc2 39. Rd2
Rxd2 40. Kxd2 Kh7 41. Kc3 f6 42. exf6 gxf6 43. Kd4 Kg6 44. Ke4 Bc2+ 45. Kf4 e5+
46. Kf3 f5 47. g5 f4 48. Kg4 Bf5+ 49. Kf3 Kh5 50. Ke2 Kxh4 51. Kf3 Kxg5 52. Ke2
Kg4 53. Kf2 Bd3 54. Ke1 e4 55. Kf2 e3+ 56. Ke1 f3 57. Kd1 f2 58. Kc1 f1=Q# 0-1

[Event "XXVI Ogolnopolska Olimpiada Mlodziezy"]
[Site "Pulawy"]
[Date "2020.10.08"]
[Round "6.23"]
[White "Mansz, Martyna"]
[Black "Dzierzgowska, Jagoda"]
[Result "1-0"]
[WhiteElo "1054"]
[BlackElo "1109"]
[PlyCount "149"]
[EventDate "2020.10.04"]
[EventType "swiss"]
[Tiebreak "Sum of Buchholz+Median1 Buchholz+Sonneborn-Berger (Swiss)"]

1. d4 Nf6 2. Nf3 e6 3. b3 b6 4. Bb2 Bb7 5. e3 h6 6. Bd3 Ne4 7. Nbd2 Nxd2 8.
Qxd2 Bxf3 9. gxf3 d5 10. e4 c6 11. O-O-O Be7 12. Rhg1 Rg8 13. e5 g5 14. Kb1 Kd7
15. Rg2 a5 16. a4 Na6 17. c3 Nc7 18. Rc1 Qf8 19. Ka2 Qb8 20. Kb1 Qf8 21. Kc2
Qb8 22. Kd1 Qf8 23. Qc2 f5 24. c4 Rc8 25. cxd5 Nxd5 26. Ba6 Rc7 27. Bc4 Nb4 28.
Qe2 Qd8 29. Ke1 Bf8 30. Rd1 Ke7 31. Bc1 Kf7 32. h4 Nd5 33. Bxd5 cxd5 34. hxg5
hxg5 35. Bd2 f4 36. Qd3 Rg7 37. Ke2 Be7 38. Rh1 Bf8 39. Rgh2 Qe8 40. Rh7 Ke7
41. Qa6 Qc6 42. Rc1 Qb7 43. Qxb7 Rxb7 44. Rh8 Kf7 45. Rc8 Ba3 46. Kd1 Ke7 47.
Rhe8+ Kf7 48. Kc2 Bb4 49. Bxb4 axb4 50. Rf8+ Kg6 51. Rf6+ Kh7 52. Rxe6 Rbc7+
53. Rxc7 Rxc7+ 54. Kd2 Rc3 55. Rxb6 Rxb3 56. e6 Kg7 57. e7 Kf7 58. Re6 Kxe6 59.
e8=Q+ Kd6 60. Qg6+ Kc7 61. Qxg5 Rxf3 62. Qe7+ Kc6 63. Qc5+ Kb7 64. Qxd5+ Kb6
65. Qxf3 Ka5 66. Qb3 f3 67. d5 Kb6 68. Qxb4+ Kc7 69. d6+ Kd7 70. Kd3 Kd8 71. a5
Kd7 72. a6 Kc8 73. Qb7+ Kd8 74. Qc7+ Ke8 75. Qe7# {Kd8 Qe8+ Kc8} 1-0

[Event "XXVI Ogolnopolska Olimpiada Mlodziezy"]
[Site "Pulawy"]
[Date "2020.10.08"]
[Round "6.24"]
[White "Brelinska, Matylda"]
[Black "Kicinska, Magdalena"]
[Result "0-1"]
[WhiteElo "1180"]
[BlackElo "1216"]
[PlyCount "56"]
[EventDate "2020.10.04"]
[EventType "swiss"]
[Tiebreak "Sum of Buchholz+Median1 Buchholz+Sonneborn-Berger (Swiss)"]

1. c4 c6 2. Nc3 Nf6 3. g3 d5 4. cxd5 cxd5 5. Bg2 e5 6. d3 d4 7. Ne4 Nc6 8. Bg5
Qa5+ 9. Qd2 Bb4 10. Nd6+ Kd7 11. Nxb7 Bxb7 12. Bh3+ Ke8 13. Nf3 Bxd2+ 14. Bxd2
Qb5 15. b3 Nb4 16. O-O Bxf3 17. exf3 Nxd3 18. Rad1 Kf8 19. Rb1 h6 20. a4 Qd5
21. Bg2 g5 22. f4 e4 23. fxg5 hxg5 24. b4 g4 25. a5 Qh5 26. Rfd1 Qxh2+ 27. Kf1
Nh5 28. Bxe4 Qxf2# 0-1

[Event "XXVI Ogolnopolska Olimpiada Mlodziezy"]
[Site "Pulawy"]
[Date "2020.10.08"]
[Round "6.24"]
[White "Leski, Franciszek"]
[Black "Serewa, Antoni"]
[Result "1/2-1/2"]
[WhiteElo "1379"]
[BlackElo "1447"]
[PlyCount "80"]
[EventDate "2020.10.04"]
[EventType "swiss"]
[Tiebreak "Sum of Buchholz+Median1 Buchholz+Sonneborn-Berger (Swiss)"]

1. d4 Nf6 2. Bg5 Ne4 3. Bh4 d5 4. f3 Nf6 5. Bxf6 exf6 6. e4 dxe4 7. fxe4 f5 8.
Ne2 Qh4+ 9. g3 Qxe4 10. Rg1 Bd6 11. Nbc3 Bb4 12. Qd2 Bxc3 13. Qxc3 Qe7 14.
O-O-O O-O 15. Nf4 Qd6 16. h4 c6 17. Bh3 Na6 18. Nd3 Nc7 19. Ne5 Nd5 20. Qf3 b5
21. g4 fxg4 22. Bxg4 Bxg4 23. Nxg4 Qf4+ 24. Qxf4 Nxf4 25. Rd2 f6 26. Ne3 g6 27.
c4 Rae8 28. Rg3 bxc4 29. Kd1 Nd5 30. Nxc4 Re6 31. Rf2 Rfe8 32. Kd2 Kg7 33. h5
g5 34. Na5 Kh8 35. h6 Nf4 36. Rb3 Re2+ 37. Rxe2 Rxe2+ 38. Kd1 Kg8 39. Nxc6 Kf7
40. d5 Re8 1/2-1/2

[Event "XXVI Ogolnopolska Olimpiada Mlodziezy"]
[Site "Pulawy"]
[Date "2020.10.08"]
[Round "6.24"]
[White "Prawucka, Zofia"]
[Black "Semeradt, Michalina"]
[Result "1/2-1/2"]
[WhiteElo "1137"]
[BlackElo "1071"]
[PlyCount "164"]
[EventDate "2020.10.04"]
[EventType "swiss"]
[Tiebreak "Sum of Buchholz+Median1 Buchholz+Sonneborn-Berger (Swiss)"]

1. Nf3 d5 2. b3 e6 3. Bb2 Nf6 4. e3 Bd6 5. d3 O-O 6. Be2 Nbd7 7. O-O b6 8. Nbd2
Bb7 9. c4 dxc4 10. Nxc4 Rc8 11. Rc1 Qe7 12. h3 h6 13. Nfd2 Rfe8 14. f4 e5 15.
f5 Nh7 16. e4 Nc5 17. Nf3 Nd7 18. Qe1 Nhf6 19. Nh4 a5 20. a3 Ba6 21. Nxd6 cxd6
22. Qg3 Nxe4 23. dxe4 Bxe2 24. Rfe1 Ba6 25. Rcd1 Rc2 26. Bc1 Kh8 27. a4 Rec8
28. Ba3 R8c6 29. Rc1 Rxc1 30. Bxc1 Nf6 31. Qf3 Qc7 32. Bd2 Rc2 33. Rd1 Qc6 34.
Kh1 Qxe4 35. Qxe4 Nxe4 36. Be3 Rc6 37. Re1 Nc5 38. Rc1 Bb7 39. Rb1 Nd7 40. Kh2
Rc3 41. Bd2 Rd3 42. Be1 Nc5 43. Bf2 Rxb3 44. Rxb3 Nxb3 45. Bxb6 d5 46. Nf3 e4
47. Ne5 Kg8 48. Nd7 Bc6 49. Nc5 Nxc5 50. Bxc5 Bxa4 51. Bb6 Bd7 52. Bxa5 Bxf5
53. g4 Be6 54. Kg3 f5 55. gxf5 Bxf5 56. Kf4 Be6 57. Ke5 Kf7 58. h4 e3 59. Kd4
e2 60. Ke3 Bg4 61. Kf4 Bh5 62. Ke5 d4 63. Kxd4 Kf6 64. Ke3 Kf5 65. Be1 Bg4 66.
Bg3 g5 67. hxg5 Kxg5 68. Kf2 Kf5 69. Kg2 Ke4 70. Kf2 h5 71. Ke1 Kf3 72. Bh4 Bf5
73. Bg5 Bd3 74. Be7 Bc4 75. Kd2 Kf2 76. Bh4+ Kf3 77. Kc3 Ba6 78. Kd4 Kg4 79.
Be1 h4 80. Ke3 h3 81. Kf2 Bb7 82. Kg1 Bf3 1/2-1/2

[Event "XXVI Ogolnopolska Olimpiada Mlodziezy"]
[Site "Pulawy"]
[Date "2020.10.08"]
[Round "6.24"]
[White "Stepinski, Piotr"]
[Black "Bartoszczuk, Adam"]
[Result "1-0"]
[WhiteElo "1197"]
[BlackElo "1439"]
[PlyCount "85"]
[EventDate "2020.10.04"]
[EventType "swiss"]
[Tiebreak "Sum of Buchholz+Median1 Buchholz+Sonneborn-Berger (Swiss)"]

1. d4 Nf6 2. Bg5 d5 3. c4 e6 4. Nc3 c6 5. e3 Be7 6. Nf3 O-O 7. cxd5 cxd5 8. Bd3
Nc6 9. a3 h6 10. Bh4 Bd7 11. Rc1 Rc8 12. O-O a6 13. h3 Na5 14. Ne2 b5 15. Ne5
Nc4 16. Bxc4 bxc4 17. b3 g5 18. Bg3 Bxa3 19. Ra1 Bb2 20. Rxa6 c3 21. Qd3 Qe8
22. Nxd7 Qxd7 23. Be5 Ne4 24. f3 Nd2 25. Rd6 Qe7 26. Rd1 Nxb3 27. Re1 Na5 28.
Ra6 Nc4 29. Bg3 Ra8 30. Rc6 Rfd8 31. Be5 Nxe5 32. dxe5 Rdc8 33. Rxc8+ Rxc8 34.
Qc2 Qc7 35. Rb1 Qc5 36. Nd4 Qc4 37. Kh2 Kg7 38. Kg3 Ra8 39. Kg4 Ra2 40. Kh5 Ba3
41. Nxe6+ fxe6 42. Qg6+ Kh8 43. Rb8+ 1-0

[Event "XXVI Ogolnopolska Olimpiada Mlodziezy"]
[Site "Pulawy"]
[Date "2020.10.08"]
[Round "6.25"]
[White "Kozera, Dawid"]
[Black "Pisarek, Jan"]
[Result "1-0"]
[WhiteElo "1450"]
[BlackElo "1608"]
[PlyCount "89"]
[EventDate "2020.10.04"]
[EventType "swiss"]
[Tiebreak "Sum of Buchholz+Median1 Buchholz+Sonneborn-Berger (Swiss)"]

1. e4 c5 2. Nf3 d6 3. d4 cxd4 4. Nxd4 Nf6 5. Nc3 g6 6. Be3 Bg7 7. f3 Nc6 8. Qd2
O-O 9. O-O-O d5 10. exd5 Nxd5 11. Nxc6 bxc6 12. Bd4 Bxd4 13. Qxd4 Qc7 14. Bc4
Nb6 15. Bb3 Ba6 16. h4 c5 17. Qe3 c4 18. Ba4 Rad8 19. Rde1 Nxa4 20. Nxa4 Rfe8
21. h5 Rd6 22. Qh6 gxh5 23. Qxh5 h6 24. Nc3 Rg6 25. Qh4 Bb7 26. Kb1 Qc5 27. Ne4
Bxe4 28. Rxe4 Rxg2 29. Qxh6 Rg1+ 30. Rxg1+ Qxg1+ 31. Qc1 Qxc1+ 32. Kxc1 e5 33.
Rxc4 Re7 34. Kd2 f6 35. Rc6 Kf7 36. b3 f5 37. Ke3 Rd7 38. a4 Re7 39. a5 Rd7 40.
c3 Ke7 41. Rh6 Rc7 42. Rh7+ Kd6 43. Rxc7 Kxc7 44. b4 Kc6 45. c4 1-0

[Event "XXVI Ogolnopolska Olimpiada Mlodziezy"]
[Site "Pulawy"]
[Date "2020.10.08"]
[Round "6.25"]
[White "Nocek, Dominik"]
[Black "Fil, Grzegorz"]
[Result "1-0"]
[WhiteElo "1354"]
[BlackElo "1268"]
[PlyCount "127"]
[EventDate "2020.10.04"]
[EventType "swiss"]
[Tiebreak "Sum of Buchholz+Median1 Buchholz+Sonneborn-Berger (Swiss)"]

1. e4 c5 2. Nf3 Nc6 3. c3 Nf6 4. e5 Nd5 5. d4 cxd4 6. cxd4 d6 7. Bc4 e6 8. O-O
Be7 9. a3 Nb6 10. Bd3 dxe5 11. dxe5 O-O 12. Nc3 Bd7 13. Bf4 Rc8 14. Qe2 Qc7 15.
Qe4 g6 16. Bh6 Rfd8 17. h4 Bf8 18. Bxf8 Kxf8 19. Nb5 Qb8 20. Nd6 Ne7 21. Qf4
Be8 22. Qh6+ Kg8 23. Ng5 Rxd6 24. exd6 Qxd6 25. Qxh7+ Kf8 26. Qh8+ Ng8 27. Rad1
Nd5 28. Nh7+ Ke7 29. Qxg8 Qe5 30. Qf8+ Kd7 31. Bb5+ Rc6 32. Bxc6+ bxc6 33. Ng5
Qf4 34. Nf3 Qf6 35. Qc5 Qxb2 36. Qxa7+ Kd6 37. Rb1 Qf6 38. Qb8+ Ke7 39. Rb7+
Kf8 40. Ra7 Nf4 41. Qe5 Nd5 42. Qxf6 Nxf6 43. a4 c5 44. a5 c4 45. a6 Kg7 46.
Ra8 Bc6 47. Rb8 c3 48. a7 Ne4 49. a8=Q Bxa8 50. Rxa8 c2 51. Rc8 c1=Q 52. Rcxc1
g5 53. Nxg5 Nxg5 54. hxg5 Kg6 55. Rc7 e5 56. Re1 f5 57. gxf6 Kxf6 58. Rc5 Kf7
59. Rexe5 Kf6 60. Ra5 Kg6 61. Reb5 Kf6 62. Rb6+ Ke7 63. Ra7+ Kd8 64. Rb8# 1-0

[Event "XXVI Ogolnopolska Olimpiada Mlodziezy"]
[Site "Pulawy"]
[Date "2020.10.08"]
[Round "6.25"]
[White "Wittych, Julia"]
[Black "Czarkowska, Dalia"]
[Result "0-1"]
[WhiteElo "1141"]
[BlackElo "1087"]
[PlyCount "170"]
[EventDate "2020.10.04"]
[EventType "swiss"]
[Tiebreak "Sum of Buchholz+Median1 Buchholz+Sonneborn-Berger (Swiss)"]

1. e4 c5 2. Nf3 Nc6 3. d4 cxd4 4. Nxd4 Qc7 5. Nc3 a6 6. Nd5 Qb8 7. Bf4 e5 8.
Bg3 Nxd4 9. Nb6 d6 10. Nxa8 Qxa8 11. c3 Ne6 12. Bc4 b5 13. Bd3 Nf6 14. Qc2 Nc5
15. f3 Be7 16. O-O Nh5 17. Bf2 Nf4 18. Be2 O-O 19. b4 Na4 20. c4 Qc6 21. Rfc1
Bg5 22. cxb5 Nxe2+ 23. Qxe2 Qxb5 24. Qxb5 axb5 25. Rc2 f5 26. Rd1 Be7 27. Rdd2
fxe4 28. fxe4 Be6 29. a3 Rd8 30. Rc7 Bg5 31. Rdc2 Bc4 32. Ra7 Bd3 33. Rcc7 Bf6
34. Rcb7 Rc8 35. Be1 h6 36. Bd2 Nb2 37. Rd7 Nc4 38. Be1 Bxe4 39. Bf2 d5 40. a4
bxa4 41. Rxa4 d4 42. Ra1 Bf5 43. Rda7 d3 44. R7a2 e4 45. Re1 Bc3 46. Rc1 d2 47.
Rd1 e3 48. Bxe3 Nxe3 49. Rdxd2 Bxd2 50. Rxd2 Rb8 51. Rb2 Nd5 52. b5 Bd7 53. Rd2
Rxb5 54. Kf2 Bf5 55. Kf3 Rb3+ 56. Kf2 Nf6 57. Rd8+ Kh7 58. Ra8 Ng4+ 59. Ke2
Nxh2 60. Ra5 Bd7 61. Ra2 Ng4 62. Rd2 Bb5+ 63. Ke1 Rb1+ 64. Rd1 Rxd1+ 65. Kxd1
Ne3+ 66. Ke1 Nxg2+ 67. Kf2 Nf4 68. Ke3 g5 69. Kf3 h5 70. Kg3 h4+ 71. Kf3 Be2+
72. Kf2 h3 73. Kg3 Bf1 74. Kh2 g4 75. Kg3 Ne2+ 76. Kf2 h2 77. Kxf1 Nf4 78. Kf2
h1=Q 79. Ke3 Qf3+ 80. Kd4 g3 81. Ke5 g2 82. Kf5 g1=Q 83. Ke5 Qge3+ 84. Kf5 Qh5+
85. Kf6 Qg6# 0-1

[Event "XXVI Ogolnopolska Olimpiada Mlodziezy"]
[Site "Pulawy"]
[Date "2020.10.08"]
[Round "6.26"]
[White "Wieckowski, Michal"]
[Black "Kuczynski, Michal"]
[Result "1-0"]
[WhiteElo "1494"]
[BlackElo "1341"]
[PlyCount "91"]
[EventDate "2020.10.04"]
[EventType "swiss"]
[Tiebreak "Sum of Buchholz+Median1 Buchholz+Sonneborn-Berger (Swiss)"]

1. d4 c6 2. c4 d5 3. Nf3 dxc4 4. e4 b5 5. a4 a6 6. b3 bxa4 7. bxc4 Bb7 8. Nc3
e6 9. Be2 Bb4 10. Bd2 Nf6 11. e5 Bxc3 12. Bxc3 Ne4 13. Qc2 c5 14. O-O cxd4 15.
Bxd4 Nd7 16. Rfd1 Qc7 17. Qxa4 O-O 18. Qa5 Qc6 19. Rab1 Rab8 20. Rb2 Ba8 21.
Rdb1 Rxb2 22. Rxb2 Ng5 23. Qc3 Ne4 24. Qe3 Ndc5 25. Bf1 h6 26. Nd2 Bb7 27. Nxe4
Nxe4 28. f3 Ng5 29. Rb6 Qc8 30. Bc5 Rd8 31. Bd6 a5 32. c5 Nh7 33. Bb5 Nf8 34.
c6 Bxc6 35. Bxc6 Nd7 36. Bxd7 Qxd7 37. h3 a4 38. Ra6 Qb5 39. Qb6 Qxb6+ 40. Rxb6
Ra8 41. Ba3 Kh7 42. Kf2 Kg6 43. Rb2 Kf5 44. Bd6 f6 45. g4+ Kg5 46. Kg3 1-0

[Event "XXVI Ogolnopolska Olimpiada Mlodziezy"]
[Site "Pulawy"]
[Date "2020.10.09"]
[Round "7.1"]
[White "Backiel, Hubert"]
[Black "Klimkowski, Jan"]
[Result "0-1"]
[WhiteElo "2073"]
[BlackElo "2298"]
[PlyCount "98"]
[EventDate "2020.10.04"]
[EventType "swiss"]
[Tiebreak "Sum of Buchholz+Median1 Buchholz+Sonneborn-Berger (Swiss)"]

1. e4 c5 2. Nc3 a6 3. g3 b5 4. Bg2 Bb7 5. d3 e6 6. Nh3 d5 7. O-O d4 8. Ne2 Nf6
9. f4 Be7 10. Nf2 Nc6 11. g4 e5 12. Ng3 Nd7 13. f5 h6 14. Nh3 Nf6 15. Kh1 Qc7
16. a4 Rc8 17. Nh5 Nxh5 18. gxh5 Bf6 19. Nf2 Nb8 20. Ng4 Nd7 21. Qe1 Qd8 22.
Qg3 Ra8 23. Bh3 Qe7 24. Rg1 Bh4 25. Qf3 f6 26. Bf1 Qf7 27. Be2 c4 28. axb5 axb5
29. Rxa8+ Bxa8 30. Bd2 Qe7 31. Ra1 Bc6 32. Qg2 Bg5 33. Bxg5 hxg5 34. Ra6 Nb8
35. Ra1 Nd7 36. Ra6 Qc5 37. Qh3 Ke7 38. h6 gxh6 39. Qh5 Kd8 40. Qg6 Rf8 41.
Qxh6 Kc7 42. Kg2 Kb7 43. Ra1 Qb4 44. b3 Qc3 45. Ra2 Qd2 46. bxc4 Qxe2+ 47. Nf2
bxc4 48. Qg7 cxd3 49. Qe7 Bxe4+ 0-1

[Event "XXVI Ogolnopolska Olimpiada Mlodziezy"]
[Site "Pulawy"]
[Date "2020.10.09"]
[Round "7.1"]
[White "Kulczycka, Zofia"]
[Black "Szczotka, Klara"]
[Result "1/2-1/2"]
[WhiteElo "1493"]
[BlackElo "1959"]
[PlyCount "163"]
[EventDate "2020.10.04"]
[EventType "swiss"]
[Tiebreak "Sum of Buchholz+Median1 Buchholz+Sonneborn-Berger (Swiss)"]

1. e4 c5 2. Nf3 e6 3. d4 cxd4 4. Nxd4 a6 5. Bd3 Nf6 6. O-O Qc7 7. Qe2 d6 8. c4
Nbd7 9. Nc3 b6 10. f4 Be7 11. Kh1 Bb7 12. Be3 Nc5 13. Bg1 Nxd3 14. Qxd3 Rc8 15.
b3 b5 16. Rac1 bxc4 17. bxc4 Qxc4 18. Qb1 Qc7 19. Nd5 Qd7 20. Nb6 Rxc1 21. Rxc1
Qd8 22. Nc6 Qc7 23. Na5 Bxe4 24. Rxc7 Bxb1 25. Rc8+ Bd8 26. Nc6 O-O 27. Rxd8
Rxd8 28. Nxd8 Bxa2 29. Nb7 d5 30. Bd4 Ne4 31. g3 Bb1 32. Nc5 Nxc5 33. Bxc5 f6
34. Kg1 Kf7 35. Kf2 Be4 36. Bd6 h6 37. Ke3 g5 38. Kd4 Bc2 39. Bb4 gxf4 40. gxf4
Kg6 41. Nd7 Kf5 42. Bd2 Bb3 43. h3 h5 44. h4 Bc4 45. Bc1 a5 46. Bd2 a4 47. Bc1
Bb3 48. Bb2 Bc4 49. Bc1 Bb5 50. Nc5 Bc6 51. Nd3 Bb5 52. Nc5 Be8 53. Bb2 Bf7 54.
Ke3 e5 55. fxe5 fxe5 56. Nxa4 d4+ 57. Kf3 Bd5+ 58. Kg3 Ke4 59. Nc5+ Ke3 60.
Bc1+ Ke2 61. Bb2 Bc6 62. Ba1 Ke3 63. Bb2 Kd2 64. Ne6 Kd3 65. Ba1 Bd5 66. Nxd4
exd4 67. Kf4 Kc4 68. Bb2 Bc6 69. Kg5 Bf3 70. Kf4 Bd1 71. Ke4 Bc2+ 72. Kf4 Bg6
73. Kg5 Be8 74. Kf4 Bf7 75. Ke4 Bg6+ 76. Kf4 Bc2 77. Kg5 Bd1 78. Kf4 Be2 79.
Ke4 d3 80. Ke3 Kb3 81. Bc1 Kc2 82. Bd2 1/2-1/2

[Event "XXVI Ogolnopolska Olimpiada Mlodziezy"]
[Site "Pulawy"]
[Date "2020.10.09"]
[Round "7.1"]
[White "Musial, Igor"]
[Black "Seemann, Jakub"]
[Result "1-0"]
[WhiteElo "1722"]
[BlackElo "2339"]
[PlyCount "63"]
[EventDate "2020.10.04"]
[EventType "swiss"]
[Tiebreak "Sum of Buchholz+Median1 Buchholz+Sonneborn-Berger (Swiss)"]

1. e4 e5 2. Nf3 Nc6 3. Bb5 a6 4. Ba4 Nf6 5. O-O Be7 6. Re1 b5 7. Bb3 O-O 8. h3
Bb7 9. c3 d5 10. exd5 Nxd5 11. d4 exd4 12. cxd4 Bf6 13. Nc3 Na5 14. Bc2 Nxc3
15. bxc3 c5 16. Ba3 b4 17. cxb4 Nc6 18. bxc5 Nxd4 19. Nxd4 Bxd4 20. Rb1 Qf6 21.
Rxb7 Bxf2+ 22. Kh1 Bxe1 23. Qxe1 Rfe8 24. Be4 Qe6 25. Qf2 Rad8 26. Qf5 Qh6 27.
Qxf7+ Kh8 28. Bb2 Rg8 29. Qf5 Qh4 30. c6 Rde8 31. c7 Rc8 32. Be5 1-0

[Event "XXVI Ogolnopolska Olimpiada Mlodziezy"]
[Site "Pulawy"]
[Date "2020.10.09"]
[Round "7.1"]
[White "Siekanska, Maria"]
[Black "Starosta, Martyna"]
[Result "0-1"]
[WhiteElo "1916"]
[BlackElo "2046"]
[PlyCount "50"]
[EventDate "2020.10.04"]
[EventType "swiss"]
[Tiebreak "Sum of Buchholz+Median1 Buchholz+Sonneborn-Berger (Swiss)"]

1. d4 d5 2. c4 e6 3. Nf3 c5 4. cxd5 exd5 5. Nc3 Nc6 6. dxc5 d4 7. Na4 Bxc5 8.
Nxc5 Qa5+ 9. Bd2 Qxc5 10. Rc1 Qe7 11. e3 Nf6 12. Bb5 dxe3 13. Bxc6+ bxc6 14.
Bxe3 Ba6 15. Nd4 O-O 16. Qa4 Bd3 17. Rd1 Qe4 18. Qxc6 Nd5 19. Rxd3 Qxd3 20. Qc2
Qa6 21. Ne2 Nxe3 22. fxe3 Qxa2 23. O-O Rab8 24. Nf4 Rxb2 25. Qf5 Rfb8 0-1

[Event "XXVI Ogolnopolska Olimpiada Mlodziezy"]
[Site "Pulawy"]
[Date "2020.10.09"]
[Round "7.2"]
[White "Gaszka, Zuzanna"]
[Black "Ziobrowska, Maja"]
[Result "1-0"]
[WhiteElo "1417"]
[BlackElo "1483"]
[PlyCount "107"]
[EventDate "2020.10.04"]
[EventType "swiss"]
[Tiebreak "Sum of Buchholz+Median1 Buchholz+Sonneborn-Berger (Swiss)"]

1. e4 e5 2. Nf3 Nc6 3. Bb5 g6 4. Nc3 Bg7 5. d3 Nge7 6. Bg5 h6 7. Be3 d6 8. d4
O-O 9. d5 Nb8 10. Qd2 Kh7 11. O-O-O a5 12. h4 Bg4 13. Rdg1 c6 14. Be2 f5 15.
exf5 gxf5 16. Bg5 e4 17. Bxe7 Qxe7 18. Nd4 cxd5 19. Bxg4 fxg4 20. Nxd5 Qe5 21.
Nc7 Qxd4 22. Qxd4 Bxd4 23. Ne6 Bxb2+ 24. Kxb2 Rxf2 25. Re1 d5 26. Nc7 Ra7 27.
Nxd5 Rxg2 28. Rxe4 b5 29. Nf6+ Kg6 30. Rxg4+ Rxg4 31. Nxg4 Nc6 32. Rd1 Rc7 33.
Rd5 b4 34. Ne5+ Nxe5 35. Rxe5 a4 36. h5+ Kf6 37. Ra5 a3+ 38. Kb3 Rc3+ 39. Kxb4
Rxc2 40. Kxa3 Rg2 41. Kb3 Rg5 42. Rxg5 hxg5 43. Kc3 g4 44. Kd3 Kg5 45. h6 Kxh6
46. a4 Kg5 47. Ke2 Kf4 48. a5 Kg3 49. a6 Kh2 50. a7 g3 51. a8=Q g2 52. Qh8+ Kg3
53. Qg7+ Kh2 54. Kf2 1-0